000 00358nam a2200145 a 4500
001 733
003 CDMR
005 20130116135157.0
008 130130s1963||||||||||||||||||||||||||||d
040 _aCDMR
_bcat
_cCDMR
100 1 _aAbbagnano, Nicola
_9569
245 1 0 _aDiccionario de filosofía
260 _aMéxico
_c1963
_bFondo de Cultura Económica
942 _cMON
999 _c733
_d733